INDERBIR SINGH TEXTBOOK OF CLINICAL NEUROANATOMY (Record no. 8386)

MARC details
000 -LEADER
fixed length control field 00473nam a22001817a 4500
005 - DATE AND TIME OF LATEST TRANSACTION
control field 20250411132137.0
008 - FIXED-LENGTH DATA ELEMENTS--GENERAL INFORMATION
fixed length control field 230818b |||||||| |||| 00| 0 eng d
020 ## - INTERNATIONAL STANDARD BOOK NUMBER
ISBN 978-93-5465-505-0
041 ## - LANGUAGE CODE
Language code of text/sound track or separate title eng
082 ## - DEWEY DECIMAL CLASSIFICATION NUMBER
Classification number 611.8 KAP-I
100 ## - MAIN ENTRY--AUTHOR NAME
Personal name KAPOOR, KANCHAN
245 ## - TITLE STATEMENT
Title INDERBIR SINGH TEXTBOOK OF CLINICAL NEUROANATOMY
250 ## - EDITION STATEMENT
Edition statement 11TH, ED., 2022
260 ## - PUBLICATION, DISTRIBUTION, ETC. (IMPRINT)
Place of publication NEW DELHI
Name of publisher JAYPEE BROTHERS
Year of publication 2022
300 ## - PHYSICAL DESCRIPTION
Number of Pages 294; p
650 ## - SUBJECT ADDED ENTRY--TOPICAL TERM
Topical Term PHYSIOTHERAPY
942 ## - ADDED ENTRY ELEMENTS (KOHA)
Koha item type Books
Holdings
Lost status Damaged status Collection code Home library Current library Shelving location Date acquired Source of acquisition Cost, normal purchase price Full call number Accession Number Koha item type Serial Enumeration / chronology
    Reference JRU Library JRU Library SHELF- 8- B 05/08/2023 PURCHASE 895.00 611.8 27884 Books  
    PHYSIOTHERAPY JRU Library JRU Library SHELF-20-D 05/08/2023 PURCHASE 895.00 611.8 27885 Books  
    PHYSIOTHERAPY JRU Library JRU Library SHELF-20-D 05/08/2023 PURCHASE 895.00 611.8 27886 Books  
    PHYSIOTHERAPY JRU Library JRU Library SHELF-20-D 09/04/2025 PURCHASE 850.00 611.8 KAP-I 28634 Books 11TH. ED.
    PHYSIOTHERAPY JRU Library JRU Library SHELF-20-D 09/04/2025 PURCHASE 850.00 611.8 KAP-I 28635 Books 11TH. ED.
    PHYSIOTHERAPY JRU Library JRU Library SHELF-20-D 09/04/2025 PURCHASE 850.00 611.8 KAP-I 28636 Books 11TH. ED.